Представление документа в формате RUSMARC

ПолеНазваниеЗначение
  Тип записи a
  Библиографический уровень m
001 Контрольный номер aaa1b53bda02489eabb47d415c891431
005 Дата корректировки 20140610091800.7
010 Индекс ISBN __
a ISBN 5-7054-0032-2
101 Язык документа 0_
a Язык текста rus
102 Страна публикации __
a Страна публикации RU
200 Заглавие и сведения об ответственности 1_
a Заглавие Отложенные налоги в МСФО 12 и ПБУ 18\02: методы расчета и порядок отражения в отчетности
f Первые сведения об ответственности Елена Викторовна Чипуренко
210 Выходные данные 1_
c Издательство Финансовая газета
a Место издания М.
d Дата издания 2005
215 Физическое описание __
a Объем 46, [2] с.
610 Ключевые слова 0_
a Ключевые слова бухгалтерский учет
610 Ключевые слова 0_
a Ключевые слова налоги
610 Ключевые слова 0_
a Ключевые слова отложенные налоги
610 Ключевые слова 0_
a Ключевые слова ПБУ 18\02
610 Ключевые слова 0_
a Ключевые слова МСФО
610 Ключевые слова 0_
a Ключевые слова расчет налога на прибыль
610 Ключевые слова 0_
a Ключевые слова финансовая отчетность
610 Ключевые слова 0_
a Ключевые слова налог на прибыль
686 Индексы других классификаций __
a Классификационный индекс 65.052.9(2)2
2 Код системы rubbk
686 Индексы других классификаций __
a Классификационный индекс 65.9(2)261.413
2 Код системы rubbk
700 Автор _1
a Фамилия Чипуренко
g Полное личное имя Елена Викторовна
801 Источник записи _0
a Страна RU
b Организация РУК
c Дата составления 20051205
g Правила каталогизации PSBO
801 Источник записи _1
a Страна RU
b Организация РУК
c Дата составления 20051205
g Правила каталогизации PSBO
852 Данные о местонахождении __
i Авторский знак Ч-63
j Шифр хранения ББК 65.052
901 Тип документа __
t Тип документа m
938 Служебная информация __
a Название организации Головной вуз
b Имя БД BOOK
c Название АИБС АИБС ИРБИС